QUEST Central Library Banner

A short calculus : (Record no. 3112)

MARC details
000 -LEADER
fixed length control field 00550nam a2200169 a 4500
020 ## - INTERNATIONAL STANDARD BOOK NUMBER
ISBN 0876208421 (hardcover)
020 ## - INTERNATIONAL STANDARD BOOK NUMBER
ISBN 9780876208427 (hardcover)
100 1# - MAIN ENTRY--AUTHOR NAME
Personal name Saltz, Daniel.
245 12 - TITLE STATEMENT
Title A short calculus :
250 ## - EDITION STATEMENT
Edition statement Revised.
260 ## - PUBLICATION, DISTRIBUTION, ETC. (IMPRINT)
Place of publication [S.l.] :
Name of publisher Goodyear Pub. Co,
Year of publication 1974.
300 ## - PHYSICAL DESCRIPTION
Number of Pages 433 p. ;
856 40 - ELECTRONIC LOCATION AND ACCESS
Uniform Resource Identifier http://www.amazon.com/exec/obidos/ASIN/0876208421/chopaconline-20
Holdings
Withdrawn status Lost status Home library Current library Date acquired Accession Number Koha item type
    Central Library, QUEST, Nawabshah Central Library, QUEST, Nawabshah 15/05/2014 5253 Books
    Seminar Library, Mathematics & Statis. Seminar Library, Mathematics & Statis. 15/05/2014 5252 Books
    Central Library, QUEST, Nawabshah Stacks area 15/05/2014 5251 Books

Copyright © 2018,The QUEST, Nawabshah, Shaheed Benazirabad. All rights reserved
Mr. G. Farooq Channar (Librarian) QUEST, Nawabshah, Sindh, Pakistan 67480.
 Ph#: |   0244-9370381-4 Ext. 2308   Email| lib@quest.edu.pk   Web|  http://www.quest.edu.pk